বাংলাদেশের স্বাধীনতা ঘোষনার ইতিহাস : (Record no. 198951)
[ view plain ]
| 000 -LEADER | |
|---|---|
| fixed length control field | 00795nam a22001937a 4500 |
| 003 - CONTROL NUMBER IDENTIFIER | |
| control field | BD-DhUL |
| 005 - DATE AND TIME OF LATEST TRANSACTION | |
| control field | 20170517173057.0 |
| 008 - FIXED-LENGTH DATA ELEMENTS--GENERAL INFORMATION | |
| fixed length control field | 160127s1994 bg |||| |||| 00| 0 ben |
| 020 ## - INTERNATIONAL STANDARD BOOK NUMBER | |
| International Standard Book Number | 9844060737 |
| 040 ## - CATALOGING SOURCE | |
| Original cataloging agency | BD-DhUL |
| Transcribing agency | BD-DhUL |
| 082 ## - DEWEY DECIMAL CLASSIFICATION NUMBER | |
| Classification number | 954.92 |
| Item number | HAB |
| 100 1# - MAIN ENTRY--PERSONAL NAME | |
| Personal name | হাননান, মোহাম্মদ |
| 245 00 - TITLE STATEMENT | |
| Title | বাংলাদেশের স্বাধীনতা ঘোষনার ইতিহাস : |
| Statement of responsibility, etc. | মোহাম্মদ হাননান |
| Remainder of title | একটি অনুসন্ধান / |
| 260 ## - PUBLICATION, DISTRIBUTION, ETC. (IMPRINT) | |
| Place of publication, distribution, etc. | ঢাকা : |
| Name of publisher, distributor, etc. | ষ্টুডেন্ট ওয়েজ, |
| Date of publication, distribution, etc. | ২০০৫। |
| 300 ## - PHYSICAL DESCRIPTION | |
| Extent | ৭২ পৃ. ; |
| Dimensions | ২২ সেমি। |
| Other physical details | |
| 651 #0 - SUBJECT ADDED ENTRY--GEOGRAPHIC NAME | |
| Geographic name | বাংলাদেশ |
| General subdivision | ইতিহাস। |
| 651 #0 - SUBJECT ADDED ENTRY--GEOGRAPHIC NAME | |
| Geographic name | Bangladesh |
| General subdivision | History |
| 942 ## - ADDED ENTRY ELEMENTS (KOHA) | |
| Source of classification or shelving scheme | |
| Koha item type | Books |
| Price effective from | Date last seen | Permanent Location | Not for loan | Date acquired | Source of classification or shelving scheme | Koha item type | Lost status | Withdrawn status | Source of acquisition | Collection code | Damaged status | Shelving location | Barcode | Current Location | Full call number |
|---|---|---|---|---|---|---|---|---|---|---|---|---|---|---|---|
| 2017-05-17 | 2017-05-17 | Dhaka University Library | Not For Loan | 2017-05-17 | Books | Gift | Non Fiction | Dr. Aftab Ahmed Collection | 427271 | Dhaka University Library | 954.92 HAB |
